| 000 | 02996nam a2200361 a 4500 | ||
|---|---|---|---|
| 008 | 120416s1997 ||||||||||||||||| || u | ||
| 020 | _a0821335766 | ||
| 050 | _aIBRD(058)WDI/A | ||
| 110 | _aWorld Bank | ||
| 245 | 1 | 4 | _aThe World Bank Atlas |
| 260 |
_aWashington, D. C. _bWorld Bank _c1997 |
||
| 300 | _a48p. : ill. | ||
| 350 | _a0.00 | ||
| 362 | 1 | _a1990 - 2004 | |
| 500 | _aFrom World Tables and World Development Indicators | ||
| 650 | _aATLASES, WORLD BANK | ||
| 650 | 0 | _aECONOMIC DEVELOPMENT--STATISTICS | |
| 995 |
_aSPECIAL COLLECTIONS _e55786 _FCBU-MAIN LIBRARY (Kitwe) _I0.00 _jIBRD(058)WDI/A/2004 _M15 _UAVAILABLE _WApr 17, 2014 _y55786 _ZInternational Publications |
||
| 995 |
_aSPECIAL COLLECTIONS _D0.00 _e022092 _FCBU-MAIN LIBRARY (Kitwe) _H1 _I0.00 _jIBRD(058)WDI/A/1998 _M2 _UAVAILABLE _WApr 17, 2008 _y022092 _ZInternational Publications |
||
| 995 |
_aSPECIAL COLLECTIONS _D0.00 _e025198 _FCBU-MAIN LIBRARY (Kitwe) _H1 _I0.00 _jIBRD(058)WDI/A/1996 _M4 _UAVAILABLE _WApr 17, 2008 _y025198 _ZInternational Publications |
||
| 995 |
_aSPECIAL COLLECTIONS _e028322 _FCBU-MAIN LIBRARY (Kitwe) _I0.00 _jIBRD(058)WDI/A/2000 _M11 _UAVAILABLE _WApr 17, 2014 _y028322 _ZInternational Publications |
||
| 995 |
_aSPECIAL COLLECTIONS _e46378 _FCBU-MAIN LIBRARY (Kitwe) _I0.00 _jIBRD(058)WDI/A/2002 _M13 _UAVAILABLE _WApr 17, 2014 _y46378 _ZInternational Publications |
||
| 995 |
_aSPECIAL COLLECTIONS _e45022 _FCBU-MAIN LIBRARY (Kitwe) _I0.00 _jIBRD(058)WDI/A/2001 _M12 _UAVAILABLE _WApr 17, 2014 _y45022 _ZInternational Publications |
||
| 995 |
_aSPECIAL COLLECTIONS _D0.00 _e025162 _FCBU-MAIN LIBRARY (Kitwe) _H1 _I0.00 _jIBRD(058)WDI/A/1992 _M8 _UAVAILABLE _WApr 17, 2008 _y025162 _ZInternational Publications |
||
| 995 |
_aSPECIAL COLLECTIONS _e9006121 _FCBU-MAIN LIBRARY (Kitwe) _I0.00 _jIBRD(058)WDI/A/1990 _M10 _UAVAILABLE _WApr 17, 2014 _y90006121 _ZInternational Publications |
||
| 995 |
_aSPECIAL COLLECTIONS _D0.00 _e020654 _FCBU-MAIN LIBRARY (Kitwe) _H1 _I0.00 _jIBRD(058)WDI/A/1997 _M3 _UAVAILABLE _y020654 _ZInternational Publications |
||
| 995 |
_aSPECIAL COLLECTIONS _D0.00 _e025444 _FCBU-MAIN LIBRARY (Kitwe) _H1 _I0.00 _jIBRD(058)WDI/A/1994 _M7 _UAVAILABLE _WApr 17, 2008 _y025444 _ZInternational Publications |
||
| 995 |
_aSPECIAL COLLECTIONS _D0.00 _e025199 _FCBU-MAIN LIBRARY (Kitwe) _H1 _I0.00 _jIBRD(058)WDI/A/1995B _M6 _UAVAILABLE _WApr 17, 2008 _y025199 _ZInternational Publications |
||
| 995 |
_aSPECIAL COLLECTIONS _D0.00 _e024916 _FCBU-MAIN LIBRARY (Kitwe) _H1 _I0.00 _jIBRD(058)WDI/A/1991 _M9 _UAVAILABLE _WApr 17, 2008 _y024916 _ZInternational Publications |
||
| 995 |
_aSPECIAL COLLECTIONS _e56174 _FCBU-MAIN LIBRARY (Kitwe) _I0.00 _jIBRD(058)WDI/A/2003 _M14 _UAVAILABLE _WApr 17, 2014 _y56174 _ZInternational Publications |
||
| 995 |
_aSPECIAL COLLECTIONS _D0.00 _e027316 _FCBU-MAIN LIBRARY (Kitwe) _H1 _I0.00 _jIBRD(058)WDI/A/1999 _M1 _UAVAILABLE _WApr 17, 2008 _y027316 _ZInternational Publications |
||
| 995 |
_aSPECIAL COLLECTIONS _D0.00 _e026519 _FCBU-MAIN LIBRARY (Kitwe) _H1 _I0.00 _jIBRD(058)WDI/A/1995A _M5 _UAVAILABLE _WApr 17, 2008 _y026519 _ZInternational Publications |
||
| 999 |
_c83203 _d83203 |
||